000 00978nas a2200301 4500
001 BR0803558
003 BR-BrBNA
005 20231205112303.0
007 ta
008 230509b bl.|||p| |||| 00| 00por d
040 _aBR-BrBNA
_bpor
_cBiblioteca Nacional de Agricultura
041 _a(Pt)
072 _aF30; F02
100 1 _aBarroso, C.M.
100 1 _aKlein, G.N.
100 1 _aBarros, I.B.I. de
100 1 _aFranke, L.B.
100 1 _aDelwing, A.B.
245 1 _aConsiderações sobre a propagação e o uso ornamental de plantas raras ou ameaçadas de extinção no Rio Grande do Sul, Brasil
650 _aPLANTA ORNAMENTAL
650 _aPROPAGAÇÃO VEGETATIVA
650 _aRECURSO GENÉTICO
650 _aESPÉCIE NATIVA
650 _aRIO GRANDE DO SUL
773 0 _tRevista Brasileira de Horticultura Ornamental (Brazil)
_xISSN 1809-6093
_g(2007), v. 13(2) p. 91-94
_wBR0803558
909 _a202311
_bLúcia
_c55
_dLúcia Elande
942 _2AGRIS
_n0
_cANA
999 _c197202
_d197202